Statistics for Brooklyn Nets NBA Playoffs Leaders Per Year

Click here to take the quiz!

General Stats

  • This quiz has been taken 374 times
    (146 since last reset)
  • The average score is 21 of 60

Answer Stats

Player% Correct
Kevin Durant
97%
Kyrie Irving
96%
Julius Erving
94%
James Harden
87%
Jason Kidd
86%
Mikal Bridges
86%
Nic Claxton
80%
Brook Lopez
79%
George Johnson
77%
Joe Johnson
77%
Spencer Dinwiddie
71%
Buck Williams
68%
Deron Williams
68%
George Carter
68%
Jayson Williams
68%
Ray Williams
68%
Vince Carter
68%
D'Angelo Russell
62%
Rondae Hollis-Jefferson
58%
Richard Jefferson
56%
Jarrett Allen
54%
Kevin Garnett
52%
Paul Pierce
51%
Kenyon Martin
40%
Drazen Petrovic
37%
Caris LeVert
36%
Derrick Coleman
33%
Kenny Anderson
22%
Micheal Ray Richardson
22%
Albert King
18%
Royce O'Neale
16%
Eddie Jordan
15%
Chris Dudley
11%
Gerald Wallace
11%
John Williamson
11%
Rick Barry
11%
Mason Plumlee
10%
Otis Birdsong
10%
Rumeal Robinson
10%
Bill Melchionni
9%
Chris Morris
9%
Mookie Blaylock
8%
Nenad Krstic
8%
Darryl Dawkins
7%
Foots Walker
7%
Reggie Evans
7%
Benoit Benjamin
5%
Mikki Moore
5%
Sherman Douglas
5%
Todd MacCulloch
5%
Billy Paultz
4%
Brian Scalabrine
3%
Brian Taylor
3%
Darwin Cook
3%
Larry Kenon
3%
Levern Tart
3%
Len Elmore
2%
Chris Chiozza
1%
John Roche
1%
Sonny Dove
1%

Score Distribution

Percentile by Number Answered

Percent of People with Each Score

Your Score History

You have not taken this quiz since the last reset